00619nam a22001697a 450000500170000001000230001702000270004003700190006724500420008624600280012826000980015627000630025430000400031750000560035794200170041399900190043020170914122415.0 a1718EN-30  a9788123022147c1900.00 bBookwell adpl aCourt of India : bpast to present /  aSupreme court of India  aNew DelhibPublication Division Ministry of Information and Broadcasting Govt. of Indiac2016 aSoochna Bhawan, CGO Complex, Lodhi RoadbNew Delhie110003 a512p. :bill. (col pic.)c28cm(pbk) aIncludes bibliographical references and references  2ddccENmCOU c144589d144589